000 02418cam a2200337 a 4500
999 _c531731
_d531731
001 17187445
003 NUST
005 20191024143142.0
008 120229s2013 enka f 001 0 eng
010 _a 2012008583
020 _a9780080970615 (pbk)
020 _a9780080970622 (ebk)
038 _aMSOHAIL
040 _aDLC
_cDLC
_dDLC
042 _apcc
050 0 0 _aTH151
_b.C52 2013
082 0 0 _a690
_223
100 1 _aChudley, R.
_924710
245 1 0 _aBuilding construction handbook /
_cRoy Chudley and Roger Greeno.
250 _a9th ed.
260 _aLondon ;
_aNew York :
_bRoutledge,
_c2013.
300 _axi, 900 p. :
_bill. ;
_c24 cm.
500 _aIncludes index.
520 _a"Ideal for students on all construction courses - Topics presented concisely in plain language and with clear drawings - Fully updated to include all revisions to Building and Construction regulations Building Construction Handbook is an authoritative reference for all construction students and professionals. It is full of detailed drawings that clearly illustrate the construction of building elements. The principles and processes of construction are explained with the concepts of design included where appropriate. Extensive coverage of building construction practice and techniques, representing both traditional procedures and modern developments, are also included to provide the most comprehensive and easy to understand guide to building construction. This new edition has been updated to reflect the 2011 changes to the building regulations, as well as new material on energy performance, and substantial revisions of the section on structures. Building Construction Handbook is the essential, easy-to-use resource for undergraduate and vocational students on a wide range of courses including NVQ and BTEC National, through to Higher National Certificate and Diploma, to Foundation and three-year Degree level. It is also a useful practical reference for building designers, contractors and others engaged in the construction industry"--
_cProvided by publisher.
650 0 _aBuilding
_vHandbooks, manuals, etc.
_924711
650 0 _aConstruction industry
_vHandbooks, manuals, etc.
_924712
700 1 _aGreeno, Roger.
_924713
906 _a7
_bcbc
_corignew
_d1
_eecip
_f20
_gy-gencatlg
942 _2ddc
_cBK